000 00319nam a2200121Ia 4500
008 170106s1995||||xx |||||||||||||| ||und||
082 _a620.4
_bREG
100 _aRegis, Ed.
245 0 _aNano: The emerging science of nanotechnology
260 _aBoston
_bLittle,brown and Company
_c1995
650 _aPhysics
942 _cBK
999 _c8224
_d8224